[Event "88th Hastings Masters"]
[Site "Hastings ENG"]
[Date "2013.01.02"]
[Round "6.20"]
[White "Zhou, Yang-Fan"]
[Black "Byron, Alan M"]
[Result "1-0"]
[WhiteTitle "IM"]
[WhiteElo "2419"]
[BlackElo "2167"]
[WhiteFideId "468584"]
[BlackFideId "401773"]
[EventDate "2012.12.28"]

1. e4 c6 2. d4 d5 3. e5 Bf5 4. h4 h6 5. g4 Bd7 6. h5 e6 7. f4 c5 8. c3 Nc6 9.
Nf3 Qb6 10. Rh2 O-O-O 11. Be3 Kb8 12. Qb3 cxd4 13. Qxb6 axb6 14. cxd4 Nge7 15.
Kf2 Nc8 16. Kg3 Be7 17. Nc3 N6a7 18. Bd3 b5 19. f5 b4 20. fxe6 fxe6 21. Ne2 Nb6
22. b3 Na8 23. Nf4 Nc7 24. Ng6 Rhe8 25. Rf1 Bb5 26. Ne1 Rd7 27. Rhf2 Bg5 28.
Bxg5 hxg5 29. Rf7 Red8 30. Nf8 Rxf7 31. Rxf7 Bxd3 32. Nxd3 Nc6 33. Nd7+ Kc8 34.
Nb6+ Kb8 35. Rxg7 Ne8 36. Rxg5 Ka7 37. Na4 Nxd4 38. Rg8 Ne2+ 39. Kf2 1-0

[Event "88th Hastings Masters"]
[Site "Hastings ENG"]
[Date "2013.01.02"]
[Round "6.21"]
[White "Talsma, Paul"]
[Black "Eames, Robert S"]
[Result "0-1"]
[BlackTitle "FM"]
[WhiteElo "2229"]
[BlackElo "2263"]
[WhiteFideId "1018779"]
[BlackFideId "408743"]
[EventDate "2012.12.28"]

1. d4 Nf6 2. c4 c5 3. d5 b5 4. cxb5 a6 5. bxa6 g6 6. Nc3 Bxa6 7. f4 Bg7 8. Nf3
O-O 9. e4 d6 10. e5 dxe5 11. fxe5 Ng4 12. Bxa6 Nxa6 13. O-O Nxe5 14. Nxe5 Bxe5
15. Bh6 Re8 16. Qf3 f6 17. Qe4 Qb8 18. Rf3 Qb4 19. Re1 Rab8 20. Bc1 c4 21. a3
Qc5+ 22. Kh1 Nc7 23. h4 Nb5 24. h5 Nd6 25. Qc2 Qd4 26. Rh3 g5 27. Be3 Qg4 28.
Bf2 Rb3 29. Qe2 Qxe2 30. Rxe2 Reb8 31. Na4 Rxh3+ 32. gxh3 Rb3 33. Kg2 Kg7 34.
Be1 Kh6 35. Bc3 Bxc3 36. Nxc3 Kxh5 37. a4 Rb7 38. Rc2 f5 39. Nd1 f4 40. Rc3 Kg6
41. Ra3 Kf5 42. a5 h5 43. a6 Ra7 44. Nc3 g4 45. hxg4+ hxg4 46. Ra4 Ke5 47. Ra5
Kd4 48. Ra1 Kd3 49. Rf1 f3+ 50. Kg3 Nf5+ 51. Kf4 Ne3 52. Rf2 Rxa6 53. Ne4 Nxd5+
54. Ke5 Ke3 55. Rc2 Nf6 56. Rc3+ Ke2 57. Rxc4 Nxe4 58. Rxe4+ Kd2 59. Rd4+ Kc2 0-1

[Event "88th Hastings Masters"]
[Site "Hastings ENG"]
[Date "2013.01.02"]
[Round "6.22"]
[White "Furman, Boris"]
[Black "Flear, Christine"]
[Result "0-1"]
[WhiteTitle "FM"]
[BlackTitle "WIM"]
[WhiteElo "2237"]
[BlackElo "2156"]
[WhiteFideId "4107187"]
[BlackFideId "602604"]
[EventDate "2012.12.28"]

1. d4 d5 2. c4 e6 3. Nc3 Nf6 4. cxd5 exd5 5. Bg5 Be7 6. e3 c6 7. Bd3 Nbd7 8. Qc2
O-O 9. Nf3 Re8 10. O-O Nf8 11. h3 Ng6 12. Ne5 Ne4 13. Bxe7 Qxe7 14. f4 f5 15.
Bxe4 fxe4 16. Nxg6 hxg6 17. Qf2 Rf8 18. g4 Bd7 19. Qg3 Rf7 20. Kg2 Raf8 21. h4
Be6 22. g5 Qd7 23. b4 b6 24. Rfd1 Bg4 25. Rd2 Bh5 26. Rc1 Qd6 27. Rb1 Rxf4 28.
exf4 Rxf4 29. Ne2 Rg4 30. Qxg4 Bxg4 31. Ng1 e3 32. Rdb2 Qf4 33. Rc1 Qxd4 34.
Rbc2 Qe4+ 0-1

[Event "88th Hastings Masters"]
[Site "Hastings ENG"]
[Date "2013.01.02"]
[Round "6.23"]
[White "Cafferty, Bernard"]
[Black "Kwiatkowski, Feliks J"]
[Result "0-1"]
[WhiteTitle "FM"]
[BlackTitle "CM"]
[WhiteElo "2105"]
[BlackElo "2232"]
[WhiteFideId "401005"]
[BlackFideId "401803"]
[EventDate "2012.12.28"]

1. Nf3 c5 2. c4 Nc6 3. Nc3 g6 4. e3 Nf6 5. d4 cxd4 6. exd4 d5 7. cxd5 Nxd5 8.
Qb3 Nxc3 9. Bc4 Nd5 10. Bxd5 e6 11. Bxc6+ bxc6 12. O-O Qd5 13. Be3 f6 14. Rfc1
Bd6 15. Bh6 Kf7 16. Qe3 Bb7 17. Bf4 Be7 18. Rc3 Rac8 19. b4 g5 20. Bxg5 fxg5 21.
Ne5+ Ke8 22. Rc5 Bxc5 23. bxc5 Rg8 24. Re1 Rd8 25. Qh3 Rg7 26. Qh6 Rdd7 27. Nxd7
Qxd7 28. Qf6 Bc8 29. Re3 Qf7 30. Qe5 Qc7 31. Qf6 Qf7 32. Qe5 Qc7 33. Qf6 Rf7 34.
Qxg5 Qf4 35. Qxf4 Rxf4 36. Rh3 Rxd4 37. g3 Rd7 38. Rh6 Re7 39. f4 Ba6 40. Kf2
Bc4 41. Ke3 Bxa2 42. Kd4 Kd7 0-1

[Event "88th Hastings Masters"]
[Site "Hastings ENG"]
[Date "2013.01.02"]
[Round "6.24"]
[White "Barton, R Alan"]
[Black "Hebden, Mark L"]
[Result "0-1"]
[BlackTitle "GM"]
[WhiteElo "2080"]
[BlackElo "2547"]
[WhiteFideId "404233"]
[BlackFideId "400084"]
[EventDate "2012.12.28"]

1. Nf3 Nf6 2. c4 g6 3. b3 Bg7 4. Bb2 O-O 5. g3 d6 6. d4 Nfd7 7. Bg2 e5 8. Nc3
Nc6 9. d5 Ne7 10. e4 a5 11. O-O Nc5 12. Ne1 f5 13. f3 Bh6 14. Bc1 Bxc1 15. Rxc1
f4 16. g4 h5 17. h3 Kg7 18. a3 hxg4 19. fxg4 a4 20. b4 Nb3 21. Rb1 Bd7 22. Nf3
Rh8 23. Rf2 Ng8 24. Bf1 Nh6 25. Rg2 Nf7 26. Rh2 Ng5 27. Rbb2 Rh7 28. c5 Nxf3+
29. Qxf3 dxc5 30. bxc5 Qf8 31. d6 cxd6 32. Bc4 d5 33. Bxb3 Qxc5+ 34. Rhf2 axb3
35. Rxb3 d4 36. Nd5 Bc6 37. g5 Rh5 38. Rg2 Rah8 39. Qf2 Rxh3 40. Rxh3 Rxh3 41.
Nf6 Qc1+ 42. Qf1 Rh1+ 0-1

[Event "88th Hastings Masters"]
[Site "Hastings ENG"]
[Date "2013.01.02"]
[Round "6.25"]
[White "Pickersgill, Adrian O"]
[Black "Snape, Ian L"]
[Result "0-1"]
[WhiteElo "2029"]
[BlackElo "2245"]
[WhiteFideId "404519"]
[BlackFideId "404489"]
[EventDate "2012.12.28"]

1. e4 c5 2. Nc3 g6 3. f4 Bg7 4. Nf3 Nc6 5. Bb5 Nd4 6. O-O Nh6 7. d3 O-O 8. f5 e6
9. Nxd4 cxd4 10. f6 Bxf6 11. Bxh6 dxc3 12. Bxf8 Bd4+ 13. Kh1 cxb2 14. Rb1 Qxf8
15. Qf3 d6 16. c4 a6 17. Ba4 e5 18. Qf6 Be6 19. Rf3 Qd8 20. Bb3 Qxf6 21. Rxf6
Kg7 22. Rf3 Bg4 23. Rg3 h5 24. Bd1 Bxd1 25. Rxd1 b5 26. Rf3 bxc4 27. dxc4 Rc8
28. Rdf1 Rc7 29. g3 f6 30. Kg2 a5 31. Rb3 Rxc4 32. Rb7+ Kh6 33. h4 Rb4 34. Rxb4
axb4 35. Kf3 f5 36. Rb1 Kg7 37. exf5 gxf5 38. Ke2 Kf6 39. Kd3 Ke6 40. Kc4 Bc3
41. Kb3 e4 42. Rd1 e3 43. a4 e2 0-1

[Event "88th Hastings Masters"]
[Site "Hastings ENG"]
[Date "2013.01.02"]
[Round "6.26"]
[White "Atako, Chino C"]
[Black "Wadsworth, Matthew J"]
[Result "0-1"]
[WhiteElo "2117"]
[BlackElo "2067"]
[WhiteFideId "468649"]
[BlackFideId "415804"]
[EventDate "2012.12.28"]

1. e4 c6 2. Nf3 d5 3. exd5 cxd5 4. Ne5 Nf6 5. d4 g6 6. Bb5+ Bd7 7. Nxd7 Nbxd7 8.
O-O Bg7 9. Re1 O-O 10. c3 a6 11. Bf1 Re8 12. Na3 b5 13. Nc2 Nb6 14. Nb4 e6 15.
Nxa6 Rxa6 16. Bxb5 Ra8 17. Bxe8 Nxe8 18. a4 Nd6 19. Bf4 Nbc4 20. b3 Na5 21. f3
Rc8 22. Bd2 Qb6 23. Rb1 e5 24. c4 dxc4 25. Bxa5 Qxa5 26. dxe5 Bxe5 27. Kh1 Bc3
28. Re2 Nf5 29. bxc4 Rd8 30. Qc1 Bf6 31. c5 Nd4 32. Ra2 Rc8 33. Qd1 Rxc5 34. Qe1
Qxe1+ 35. Rxe1 Ra5 36. Rb1 h5 37. Kg1 Kf8 38. Kf2 Ne6 39. g3 Nc5 40. Rb5 Rxa4
41. Rxa4 Nxa4 42. f4 Nc3 43. Rb7 Ne4+ 44. Kf3 Nd6 45. Rd7 Be7 46. h3 f6 47. g4
Kf7 48. Ra7 f5 49. Ra6 Ne8 50. g5 Nc7 51. Rb6 Ne6 52. Rb7 Ke8 53. Rb6 Kf7 54.
Rb7 h4 55. Ra7 Ng7 56. Rb7 Ke6 57. Rb6+ Bd6 58. Rb7 Nh5 59. Rh7 Ba3 60. Rc7 Nxf4
61. Rh7 Nxh3 62. Rxh4 Nxg5+ 63. Kg2 Nf7 64. Ra4 Bd6 65. Ra6 g5 66. Kf3 g4+ 67.
Kg2 f4 68. Rb6 f3+ 69. Kf2 Ng5 70. Ra6 Nh3+ 71. Ke3 f2 72. Ke2 g3 73. Kf1 Ng5
74. Kg2 Nf3 0-1

[Event "88th Hastings Masters"]
[Site "Hastings ENG"]
[Date "2013.01.02"]
[Round "6.27"]
[White "Steil-Antoni, Fiona"]
[Black "Maroroa, Sue"]
[Result "1/2-1/2"]
[WhiteTitle "WIM"]
[BlackTitle "WIM"]
[WhiteElo "2169"]
[BlackElo "2037"]
[WhiteFideId "4001249"]
[BlackFideId "4301498"]
[EventDate "2012.12.28"]

1. e4 c5 2. Nc3 Nc6 3. g3 g6 4. Bg2 Bg7 5. d3 d6 6. Be3 Nd4 7. Qd2 Bd7 8. Nd1 e5
9. c3 Ne6 10. Ne2 Qb6 11. O-O h5 12. f4 Nf6 13. f5 Nc7 14. Kh1 gxf5 15. exf5 h4
16. gxh4 Rxh4 17. d4 Bc6 18. Nf2 O-O-O 19. Bg5 Bxg2+ 20. Kxg2 Rh7 21. Rh1 Qc6+
22. Kg1 Rg8 23. Ng3 Nh5 24. dxc5 d5 25. b4 Bf6 26. Bxf6 Qxf6 27. Kf1 Rxg3 28.
hxg3 Nxg3+ 29. Kg2 Nxh1 30. Rxh1 Rxh1 31. Nxh1 Qxf5 32. Ng3 Qf6 33. Qe3 Ne6 34.
c6 bxc6 35. Qxa7 Nf4+ 36. Kg1 Qg6 37. Qa8+ Kc7 38. Qa7+ Kd6 39. Qb8+ Kd7 40.
Qb7+ Kd6 41. Qb8+ Ke6 42. Qe8+ 1/2-1/2

[Event "88th Hastings Masters"]
[Site "Hastings ENG"]
[Date "2013.01.02"]
[Round "6.29"]
[White "Dennis, Nigel W"]
[Black "Ternault, Mathieu"]
[Result "0-1"]
[WhiteElo "1904"]
[BlackElo "2159"]
[WhiteFideId "408913"]
[BlackFideId "20641532"]
[EventDate "2012.12.28"]

1. e4 e6 2. d4 d5 3. Nc3 Bb4 4. e5 c5 5. a3 Bxc3+ 6. bxc3 Ne7 7. Qg4 Qc7 8. Qxg7
Rg8 9. Qxh7 cxd4 10. Ne2 Nbc6 11. Qd3 Nxe5 12. Qxd4 Nf5 13. Qb4 Nc4 14. Rb1 b6
15. h4 Bd7 16. Bg5 a5 17. Qb3 a4 18. Qb4 Ra5 19. Nd4 Qe5+ 20. Be2 f6 21. f4 Qe3
22. Nxf5 exf5 23. Rh3 Qg1+ 24. Bf1 Rb5 25. Qxb5 Bxb5 26. Rxb5 fxg5 27. Rxd5 Rg7
28. Rf3 Re7+ 29. Kd1 g4 0-1

[Event "88th Hastings Masters"]
[Site "Hastings ENG"]
[Date "2013.01.02"]
[Round "6.32"]
[White "Tarhon, Brian"]
[Black "Hutchinson, Norman A"]
[Result "1/2-1/2"]
[WhiteElo "1844"]
[BlackElo "2108"]
[WhiteFideId "423190"]
[BlackFideId "411540"]
[EventDate "2012.12.28"]

1. e4 c6 2. d4 d5 3. Nc3 dxe4 4. Nxe4 Bf5 5. Ng3 Bg6 6. h4 h6 7. Nf3 Nd7 8. h5
Bh7 9. Bd3 Bxd3 10. Qxd3 e6 11. Bf4 Qa5+ 12. Bd2 Bb4 13. c3 Be7 14. c4 Qc7 15.
O-O-O Ngf6 16. Ne4 O-O 17. Kb1 c5 18. Nxf6+ Nxf6 19. Be3 Rfd8 20. Qe2 Rac8 21.
Ne5 cxd4 22. Bxd4 Bc5 23. Bxc5 Qxc5 24. g4 Rd4 25. Rxd4 Qxd4 26. Rd1 Qf4 27. f3
Kf8 28. Rd6 Re8 29. b3 Qg3 30. Rd1 Qf4 31. Rd6 Qg5 32. Rd4 1/2-1/2

[Event "88th Hastings Masters"]
[Site "Hastings ENG"]
[Date "2013.01.02"]
[Round "6.34"]
[White "Haria, Ravi"]
[Black "Lenier, Jude A"]
[Result "0-1"]
[WhiteElo "2032"]
[BlackElo "2069"]
[WhiteFideId "415820"]
[BlackFideId "470678"]
[EventDate "2012.12.28"]

1. e4 e5 2. Nf3 Nc6 3. Bb5 a6 4. Ba4 Nf6 5. O-O Be7 6. Bxc6 dxc6 7. d3 Bd6 8. d4
Bg4 9. dxe5 Bxf3 10. gxf3 Bxe5 11. f4 Bd4 12. e5 Ne4 13. Qe2 Nxf2 14. Rxf2 Bxf2+
15. Kxf2 Qh4+ 16. Kg2 O-O-O 17. Nc3 g5 18. h3 Kb8 19. Qf2 Qh5 20. Qf3 Qg6 21. f5
Qg7 22. Qg3 h5 23. h4 Rd4 24. Kf2 Rg4 25. f6 Qf8 26. Qe3 Rf4+ 27. Ke2 Rxh4 28.
Ne4 Qb4 29. Nf2 Rd8 30. Qb3 Qc5 31. Bxg5 Qxe5+ 32. Qe3 Qb5+ 33. Ke1 Rhd4 34. Rd1
c5 35. a4 Qa5+ 36. Qc3 Qxa4 37. Rxd4 cxd4 38. Qb3 Qa5+ 39. Bd2 Qe5+ 40. Kd1 Qxf6
41. Ne4 Qf1+ 42. Be1 Re8 43. Qd3 Qh1 0-1

[Event "88th Hastings Masters"]
[Site "Hastings ENG"]
[Date "2013.01.02"]
[Round "6.35"]
[White "Waddington, Mike P"]
[Black "Flynn, David"]
[Result "0-1"]
[WhiteTitle "FM"]
[WhiteElo "2117"]
[BlackElo "1921"]
[WhiteFideId "410497"]
[BlackFideId "410594"]
[EventDate "2012.12.28"]

1. Nc3 d5 2. e4 d4 3. Nce2 e5 4. Ng3 f6 5. Bc4 Ne7 6. Qh5+ g6 7. Qf3 Nec6 8. a3
a6 9. Qb3 Qe7 10. Qa2 Nd8 11. d3 Be6 12. f4 Nbc6 13. Nf3 Bg7 14. O-O Bxc4 15.
Qxc4 Qe6 16. Qxe6+ Nxe6 17. fxe5 fxe5 18. Ng5 Nxg5 19. Bxg5 Rf8 20. Rxf8+ Kxf8
21. h4 h5 22. Nf1 Kf7 23. Nd2 Ke6 24. Rf1 Rf8 25. Nf3 Nb8 26. Bd2 Kd6 27. c3 Nd7
28. Kf2 Nc5 29. Ke2 Ne6 30. cxd4 Nxd4+ 31. Nxd4 Rxf1 32. Nb5+ Kc5 33. Kxf1 Kxb5
34. b3 Bf6 35. g3 Be7 36. a4+ Kc6 37. Bc3 Bf6 38. Ke2 Kd6 39. Kf3 c6 40. Bb4+
Ke6 41. Be1 b5 42. Bf2 Be7 43. Ke2 Bb4 44. Kd1 Kd6 45. Ba7 Bc5 46. Bb8+ Ke6 47.
Ke2 Bb6 48. Kf3 Bd4 49. Bc7 Kd7 50. Ba5 Kd6 51. Bb4+ c5 52. Bd2 c4 53. dxc4 bxa4
54. bxa4 Kc5 55. Ke2 Kxc4 56. Be1 Bc3 57. Bf2 Bd4 58. Be1 Kb3 59. Kd3 Kxa4 60.
Kc4 a5 61. Bd2 Bf2 62. Bg5 Bxg3 63. Be7 Bh2 64. Bd8 Bf4 65. Be7 Bg3 66. Bf6 Ka3
67. Kd5 Kb2 68. Bxe5+ Bxe5 69. Kxe5 a4 70. Kf6 a3 71. e5 a2 72. e6 a1=Q 73. e7
Qa6+ 74. Kf7 Qb7 75. Kf8 Qf3+ 76. Kg7 Qe4 77. Kf7 Qf5+ 78. Kg7 Qe6 79. Kh6 Qxe7 0-1

[Event "88th Hastings Masters"]
[Site "Hastings ENG"]
[Date "2013.01.02"]
[Round "6.36"]
[White "Macrae, James S"]
[Black "Gregory, Stephen J"]
[Result "1/2-1/2"]
[WhiteElo "1717"]
[BlackElo "2086"]
[WhiteFideId "2401797"]
[BlackFideId "410837"]
[EventDate "2012.12.28"]

1. d4 Nf6 2. Nf3 d6 3. Bg5 Nbd7 4. Nbd2 e5 5. dxe5 dxe5 6. e3 h6 7. Bh4 Be7 8.
Bc4 O-O 9. O-O e4 10. Nd4 Ne5 11. Bb3 Bg4 12. Qe1 c5 13. Nb5 Qd7 14. a4 g5 15.
Bg3 Ng6 16. Nc3 Qc6 17. f3 exf3 18. gxf3 Bh3 19. Rf2 g4 20. Qe2 Rad8 21. f4 Nh5
22. Rd1 Nh4 23. e4 Rd4 24. Bd5 Qd7 25. b3 Nf3+ 26. Nxf3 gxf3 27. Rxf3 Bg4 28.
Qf1 Bxf3 29. Qxf3 Nxg3 30. hxg3 Kh7 31. Rxd4 cxd4 32. Ne2 Rg8 33. Qh5 Rg7 34.
Kg2 Bc5 35. Kf3 Qe7 36. g4 Bb6 37. Bc4 Qc5 38. Qxc5 Bxc5 39. Ng3 Kg8 40. Nf5 Rg6
41. Nh4 Rc6 42. Bd3 Kf8 43. Nf5 a6 44. e5 f6 45. Ke4 fxe5 46. Kxe5 Rg6 47. Be2
a5 48. Nxd4 Bxd4+ 49. Kxd4 Ke7 50. Bf3 b6 51. f5 Rd6+ 52. Ke3 Kf6 53. Ke2 Ke5
54. Ke3 Rd8 55. Be2 Rg8 56. Bf3 Rc8 57. Be4 Rd8 58. Bd3 Rd4 59. Kf3 Rd6 60. Ke3
Rd8 61. Be2 Rd4 62. Bf3 Rf4 63. Be2 Re4+ 64. Kf3 Rf4+ 65. Ke3 h5 66. gxh5 Rh4
67. Bd3 Rxh5 68. Kd2 Rh4 69. Kc3 Rf4 70. Kd2 Kd4 71. c3+ Ke5 72. Ke3 Rh4 73. Kd2
Rh2+ 74. Kc1 Rf2 75. Bc2 Kf4 76. Kb2 Ke3 77. b4 Kd2 78. bxa5 bxa5 79. c4 Rf3 80.
Be4 Rf4 81. Bd5 Rxf5 82. Bc6 Rf1 83. Bb5 Rf5 84. Bc6 Rc5 85. Bb5 Kd3 86. Kb3 Kd4
87. Ba6 Rh5 88. Bb5 Rh3+ 89. Kb2 Kc5 90. Ka2 Kb4 91. Kb2 Rh2+ 92. Kc1 Kb3 93.
Kd1 Rc2 94. Ke1 Kb2 95. Kd1 Kb1 96. Ba6 Rc3 97. Kd2 Kb2 98. Bb5 Kb3 99. Kd1 Kb4
100. Kd2 Rh3 101. Kc2 Rh2+ 1/2-1/2

[Event "88th Hastings Masters"]
[Site "Hastings ENG"]
[Date "2013.01.02"]
[Round "6.37"]
[White "Gunn, Michael J"]
[Black "Safarian, Alek"]
[Result "1/2-1/2"]
[WhiteElo "1772"]
[BlackElo "2050"]
[WhiteFideId "409030"]
[BlackFideId "3202135"]
[EventDate "2012.12.28"]

1. c4 e6 2. d4 d5 3. cxd5 exd5 4. Nc3 c6 5. Nf3 Nf6 6. Bg5 Be7 7. e3 O-O 8. Bd3
Nbd7 9. O-O Re8 10. Qc2 g6 11. Rab1 a5 12. a3 Nh5 13. Bxe7 Qxe7 14. b4 Ndf6 15.
h3 Ne4 16. Na4 Qd8 17. b5 Re6 18. Nc5 Nxc5 19. Qxc5 Nf6 20. Rfc1 Qc7 21. a4 Bd7
22. Ng5 Rd6 23. b6 Qb8 24. Nf3 Be6 25. Ne5 Nd7 1/2-1/2

[Event "88th Hastings Masters"]
[Site "Hastings ENG"]
[Date "2013.01.02"]
[Round "6.38"]
[White "Armstrong, Malcolm J"]
[Black "Willson, Ollie"]
[Result "1/2-1/2"]
[WhiteElo "2046"]
[BlackElo "1650"]
[WhiteFideId "409049"]
[BlackFideId "424714"]
[EventDate "2012.12.28"]

1. d4 Nf6 2. Nf3 g6 3. g3 Bg7 4. Bg2 O-O 5. O-O d5 6. c4 e6 7. cxd5 exd5 8. Nc3
c6 9. Bf4 Re8 10. h3 Nbd7 11. Qd2 Nb6 12. b3 Bf5 13. Rad1 Nc8 14. Ne5 Nd6 15. g4
Be6 16. Bg5 Qc7 17. Qc2 Rac8 18. Bf4 Qe7 19. Na4 h5 20. f3 Nd7 21. Nxd7 Bxd7 22.
Nc5 b6 23. Nxd7 Qxd7 24. gxh5 gxh5 25. e4 Nb5 26. e5 c5 27. dxc5 bxc5 28. Rfe1
Nd4 29. Qd3 Red8 30. Bg5 Re8 31. f4 Rc6 32. Kh2 Rb6 33. Rc1 Rc8 34. h4 Qb7 35.
Rg1 Rg6 36. Bh3 Rcc6 37. Bf6 Bxf6 38. Rxg6+ fxg6 39. exf6 Rxf6 40. Rxc5 Qb4 41.
Rc8+ Kg7 42. Rc7+ Kh6 43. a3 Qb6 44. Rd7 Nf5 45. Bxf5 Qf2+ 46. Kh3 gxf5 47. Qg3
Qf1+ 48. Qg2 Qd3+ 49. Qg3 Qf1+ 50. Qg2 Qd3+ 1/2-1/2

[Event "88th Hastings Masters"]
[Site "Hastings ENG"]
[Date "2013.01.02"]
[Round "6.39"]
[White "Higgs, Joshua"]
[Black "Spanton, Tim R"]
[Result "1-0"]
[WhiteElo "1792"]
[BlackElo "2020"]
[WhiteFideId "426920"]
[BlackFideId "404802"]
[EventDate "2012.12.28"]

1. e4 e6 2. d4 d5 3. Nc3 Bb4 4. exd5 exd5 5. Bd3 Nc6 6. Ne2 Bg4 7. f3 Bh5 8. Nf4
Bg6 9. Nxg6 hxg6 10. Qe2+ Qe7 11. Qxe7+ Ngxe7 12. Be3 Nf5 13. Bxf5 gxf5 14.
O-O-O Bxc3 15. bxc3 Na5 16. Rde1 Kd7 17. Bf4 Rae8 18. Kd1 Re6 19. Rxe6 fxe6 20.
Be5 Rh7 21. h4 Nc4 22. Bf4 g6 23. Ke2 Re7 24. Rd1 Kc6 25. Re1 Kd7 26. Kd1 Rh7
27. g3 Rh8 28. Be5 Nxe5 29. Rxe5 Kd6 30. Ke2 c5 31. Kd3 c4+ 32. Ke3 Ke7 33. Kf4
Kf6 34. Re1 Rg8 35. g4 Rh8 36. Rh1 Rxh4 37. Rxh4 g5+ 38. Kg3 gxh4+ 39. Kxh4 fxg4
40. fxg4 Kg6 41. g5 b5 42. Kg4 e5 43. dxe5 a5 44. Kf4 Kf7 45. Ke3 1-0

[Event "88th Hastings Masters"]
[Site "Hastings ENG"]
[Date "2013.01.02"]
[Round "6.40"]
[White "Gibbs, Daniel C"]
[Black "Mitchell, Robert1"]
[Result "1-0"]
[WhiteElo "1795"]
[BlackElo "1690"]
[WhiteFideId "414689"]
[BlackFideId "4302095"]
[EventDate "2012.12.28"]

1. d4 d6 2. e4 Nf6 3. f3 c6 4. c4 e6 5. Nc3 Be7 6. Be3 O-O 7. Bd3 e5 8. d5 c5 9.
g4 Ne8 10. Qd2 Bh4+ 11. Kd1 Be7 12. Nge2 Nc7 13. Ng3 g6 14. Kc2 Ne8 15. h4 Ng7
16. h5 g5 17. h6 Ne8 18. Rh5 f6 19. Nf5 Bxf5 20. gxf5 Kh8 21. Rg1 Rg8 22. Rg4
Nd7 23. Rh1 Nc7 24. Rhg1 Na6 25. a3 Rc8 26. Nb5 Ra8 27. Bf1 Nab8 28. f4 exf4 29.
Bxf4 Ne5 30. Bxe5 fxe5 31. f6 Bxf6 32. Qf2 Rg6 33. Rh1 a6 34. Nc3 Nd7 35. Rg3
Qe7 36. Rf3 Rag8 37. Ne2 g4 38. Rb3 b6 39. Ng3 Bg5 40. Nf5 Qf6 41. Qg2 Bf4 42.
Be2 Bxh6 43. Qh2 g3 44. Rxg3 Rxg3 45. Nxg3 Rg6 46. Nf5 Nf8 47. Nxh6 Qf4 48. Qxf4
exf4 49. Nf5 Rg2 50. Kd1 f3 51. Bxf3 Rxb2 52. Rh3 Ng6 53. Nxd6 Rb3 54. Bg4 Rxh3
55. Bxh3 Ne5 56. Nb7 1-0

[Event "88th Hastings Masters"]
[Site "Hastings ENG"]
[Date "2013.01.02"]
[Round "6.41"]
[White "Shierlaw, Hamish"]
[Black "Kent, Paul"]
[Result "1/2-1/2"]
[WhiteElo "1582"]
[BlackElo "1596"]
[WhiteFideId "4301765"]
[BlackFideId "402214"]
[EventDate "2012.12.28"]

1. e4 c5 2. Nf3 d6 3. d4 cxd4 4. Nxd4 a6 5. Nc3 Nf6 6. Be3 Ng4 7. Qd2 Nxe3 8.
Qxe3 Nc6 9. Nb3 g6 10. Bd3 Bg7 11. Qd2 O-O 12. a3 e6 13. O-O b5 14. Rab1 Ra7 15.
Rfe1 Qh4 16. Ne2 Bh6 17. Qd1 e5 18. Ng3 Be6 19. Nd2 Nd4 20. Be2 Rc7 21. Nf3
Nxf3+ 22. Bxf3 Rd8 23. c3 Rcd7 24. Qc2 d5 25. exd5 Bxd5 26. Bxd5 Rxd5 27. Red1
Qg4 28. Rxd5 Rxd5 29. h3 Qd7 30. Ne4 Kg7 31. Qe2 f5 32. Ng3 Bf4 33. Nf1 Kf6 34.
c4 bxc4 35. Qxc4 Qe6 36. g3 Bh6 37. Qh4+ Kg7 38. Qa4 f4 39. g4 Rd3 40. Kh2 Bg5
41. Qc2 Qd5 42. Qc7+ Kh6 43. Re1 Qf3 44. Kg1 Qxh3 45. Qc8 Rd8 46. Qe6 f3 47. Ne3
Rf8 48. Rd1 Rf6 49. Qc8 Qh4 50. Rd6 Bf4 51. Nf5+ gxf5 52. Qf8+ Kg6 53. Qg8+ Kh6
54. Qf8+ 1/2-1/2

[Event "88th Hastings Masters"]
[Site "Hastings ENG"]
[Date "2013.01.02"]
[Round "6.42"]
[White "Pooley, Mark C"]
[Black "Cekulis, Maris"]
[Result "1/2-1/2"]
[WhiteElo "1693"]
[BlackElo "1811"]
[WhiteFideId "423084"]
[BlackFideId "3217671"]
[EventDate "2012.12.28"]

1. e4 d6 2. Nf3 Bg4 3. Nc3 Nf6 4. Be2 c6 5. h3 Bxf3 6. Bxf3 e6 7. d4 d5 8. Bg5
Be7 9. e5 Nfd7 10. Bxe7 Qxe7 11. a3 O-O 12. Qd2 Na6 13. Be2 Nc7 14. O-O b5 15.
Na2 a5 16. b4 a4 17. Rac1 Nb6 18. Nc3 Rad8 19. Nb1 f6 20. f4 Nc4 21. Qd3 f5 22.
Rf3 g6 23. Rg3 Rf7 24. Rf1 Rg7 25. Qf3 Nb6 26. Qc3 Nc4 27. Kf2 Qh4 28. Kg1 Qe7
29. Nd2 Kh8 30. Nf3 Rdg8 31. h4 h6 32. Kf2 h5 33. Rh1 Qd7 34. Rgh3 Qe7 35. g3
Qd7 36. Rd1 Qe7 1/2-1/2

[Event "88th Hastings Masters"]
[Site "Hastings ENG"]
[Date "2013.01.03"]
[Round "7.2"]
[White "Alsina Leal, Daniel"]
[Black "Gao, Rui"]
[Result "1/2-1/2"]
[WhiteTitle "GM"]
[BlackTitle "IM"]
[WhiteElo "2511"]
[BlackElo "2450"]
[WhiteFideId "2252627"]
[BlackFideId "8602387"]
[EventDate "2012.12.28"]

1. e4 c5 2. Nf3 d6 3. d4 cxd4 4. Nxd4 Nf6 5. Nc3 a6 6. Be3 e5 7. Nb3 Be7 8. f3
Be6 9. Qd2 O-O 10. O-O-O a5 11. Kb1 a4 12. Nc1 a3 13. b3 Ra5 14. g4 d5 15. g5
Nxe4 16. Nxe4 dxe4 17. Qxd8 Rxd8 18. Rxd8+ Bxd8 19. fxe4 Nc6 20. h4 Ra8 21. Bh3
Bxh3 22. Rxh3 f6 23. gxf6 Bxf6 24. h5 Rd8 25. c3 Rd1 26. Kc2 Rf1 27. Kd2 Be7 28.
Ke2 Rf7 29. Nd3 g6 30. hxg6 hxg6 31. b4 Bd6 32. Ne1 Rc7 33. Nc2 Nxb4 34. Nxb4
Rxc3 35. Nd5 Rc2+ 36. Kd3 Rxa2 37. Rh1 Rb2 38. Bd2 b5 39. Bc3 Rg2 40. Rb1 Rg3+
41. Kc2 Rg2+ 42. Bd2 Bf8 43. Kd3 g5 44. Ne3 Rf2 45. Rxb5 g4 46. Be1 Rf3 47. Ke2
Rf4 48. Rxe5 Bg7 49. Ra5 Rxe4 50. Rxa3 Bh6 51. Bf2 g3 52. Bg1 Bxe3 53. Bxe3 g2
54. Ra1 Rg4 55. Kf3 Rg6 56. Bf2 Kf7 57. Bg3 Ke6 58. Kxg2 Rf6 59. Ra4 Rf5 60. Bf4
Rb5 61. Kf3 Kd5 62. Be3 Ke5 63. Ra8 Rd5 64. Bf4+ Kf5 65. Rf8+ Ke6 66. Ke4 Rc5
67. Re8+ Kd7 68. Rh8 Ke6 69. Rh6+ Kd7 70. Be5 Rc6 71. Rh7+ Ke6 72. Bd4 Rd6 73.
Bc5 Rc6 74. Rh5 Kf7 75. Kd5 Kg6 76. Rh1 Rf6 77. Bd4 Rf5+ 78. Ke6 Rf6+ 79. Ke5
Rf5+ 80. Ke4 Rg5 81. Be5 Rg2 82. Rh8 Rg4+ 83. Kd5 Kg5 84. Ke6 Kg6 85. Rf8 Kg5
86. Rf5+ Kg6 87. Bf4 Rg2 88. Rf6+ Kh5 89. Kf5 Rg5+ 90. Ke4 Rg6 91. Rf8 Kg4 92.
Be5 Rg5 93. Rf1 Rg6 94. Bf6 Kh5 95. Ke5 Kg4 96. Ke6 Rh6 97. Ke5 Rg6 98. Rf5 Rg8
99. Ke4 Rg6 100. Rf4+ Kg3 101. Bh4+ Kh3 102. Kf5 Rg8 103. Bf6 Kg2 104. Ra4 Rg3
105. Be5 Re3 106. Bf4 Re2 107. Kg4 Kf2 108. Ra3 Rc2 1/2-1/2